| 000 | 00428nam a2200169Ia 4500 | ||
|---|---|---|---|
| 003 | IN-BaIIA | ||
| 008 | 211028s9999 xx 000 0 eng d | ||
| 040 | _cIIA Library | ||
| 080 |
_a51 _bLIT |
||
| 100 |
_aLittlewood, J. E. _94634 |
||
| 245 | 2 |
_aA mathematician's miscellany _c J.E. Littlewood |
|
| 260 |
_aLondon _bMethuen _c1963 |
||
| 300 | _avii,136p. | ||
| 650 |
_aMathematics _982 |
||
| 650 | _aNASA thesaurus | ||
| 942 | _cBK | ||
| 999 |
_c2610 _d2610 |
||